000 00742nam a2200229 i 4500
001 124735
003 ES-MaACL
005 20230906192502.0
007 t|
008 070418s1919 sp ||||1| spa d
080 _a821.134.2-22"19"
100 1 _aMario, Emilio.
_976874
245 1 0 _aMilitares y paisanos
_b: comedia en cinco actos y en prosa /
_coriginal de Emilio Mario (hijo).
260 _a[Madrid :
_bLa Novela Teatral,
_c1919]
300 _a32 h. :
_b20 cm.
490 1 _aLa novela teatral ;
_v134
500 _aEn cub. caricatura de Mary Luziny por Tovar.
700 0 _aTovar
_c, ilustrador.
_9157378
830 0 _aLa novela teatral ;
_v134
_9122427
852 _aES-MaACL
_j2215-F-10
_bR.138737
999 _c124735
_d124735